Rousseau and Weber : (Record no. 614615)

MARC details
000 -LEADER
fixed length control field 00462nam a2200181 a 4500
008 - FIXED-LENGTH DATA ELEMENTS--GENERAL INFORMATION
fixed length control field 260220s2006##################000#0#eng##
020 ## - INTERNATIONAL STANDARD BOOK NUMBER
ISBN 9780415402170
082 04 - DEWEY DECIMAL CLASSIFICATION NUMBER
Classification number 320.209
Item number MER
100 1# - MAIN ENTRY--AUTHOR NAME
Personal name Merguior, J. G.,
245 10 - TITLE STATEMENT
Title Rousseau and Weber :
260 ## - PUBLICATION, DISTRIBUTION, ETC. (IMPRINT)
Year of publication 2006.
650 #0 - SUBJECT ADDED ENTRY--TOPICAL TERM
Topical Term Legitimacy of governments.
942 ## - ADDED ENTRY ELEMENTS (KOHA)
Koha item type English Books
Holdings
Withdrawn status Lost status Damaged status Not for loan Home library Current library Shelving location Date acquired Full call number Accession Number Price effective from Koha item type
        Anna Centenary Library Anna Centenary Library 3RD FLOOR, B WING 20.02.2026 320.209 MER 180920 20.02.2026 English Books

Find us on the map